Govt. of
Madhya Pradesh

The Encyclopedia of Antiques (Record no. 40301)

MARC details
000 -LEADER
fixed length control field 004590000a22001810004500
003 - CONTROL NUMBER IDENTIFIER
control field MACL
005 - DATE AND TIME OF LATEST TRANSACTION
control field 20151220160505.0
008 - FIXED-LENGTH DATA ELEMENTS--GENERAL INFORMATION
fixed length control field 151220b xxu||||| |||| 00| 0 eng d
040 ## - CATALOGING SOURCE
Original cataloging agency MACL
Transcribing agency MACL
041 ## - LANGUAGE CODE
Language code of text/sound track or separate title English
082 ## - DEWEY DECIMAL CLASSIFICATION NUMBER
Classification number 745.103/BAT
100 ## - MAIN ENTRY--PERSONAL NAME
Personal name Battie, David
9 (RLIN) 21686
245 ## - TITLE STATEMENT
Title The Encyclopedia of Antiques
260 ## - PUBLICATION, DISTRIBUTION, ETC. (IMPRINT)
Name of publisher, distributor, etc. Acropolis Books
Date of publication, distribution, etc. 1994
Place of publication, distribution, etc. Hong Kong
350 ## - PRICE (NR) (BK AM CF MU VM SE) [OBSOLETE]
Price 995
650 ## - SUBJECT ADDED ENTRY--TOPICAL TERM
Topical term or geographic name as entry element Decorative Arts
9 (RLIN) 7454
942 ## - ADDED ENTRY ELEMENTS (KOHA)
Koha item type Books
Call number prefix 745.103/BAT
Source of classification or shelving scheme
Holdings
Withdrawn status Lost status Source of classification or shelving scheme Damaged status Not for loan Home library Current library Date acquired Cost, normal purchase price Total Checkouts Full call number Barcode Date last seen Uniform Resource Identifier Price effective from Koha item type
          MACL MACL 15/04/2015 995.00   745.103/BAT RBKS RB0003086 29/04/2015 40547 15/04/2015 Books